Soviet Strategy and the New Military Thinking : (Record no. 618793)

MARC details
000 -LEADER
fixed length control field 00529nam a2200193 a 4500
008 - FIXED-LENGTH DATA ELEMENTS--GENERAL INFORMATION
fixed length control field 260407s1992##################000#0#eng##
020 ## - INTERNATIONAL STANDARD BOOK NUMBER
ISBN 9780521407694
082 04 - DEWEY DECIMAL CLASSIFICATION NUMBER
Classification number 355.033047
Item number LEE
100 1# - MAIN ENTRY--AUTHOR NAME
Personal name Leebaert, Derek,
245 10 - TITLE STATEMENT
Title Soviet Strategy and the New Military Thinking :
260 ## - PUBLICATION, DISTRIBUTION, ETC. (IMPRINT)
Name of publisher Cambridge University Press,
Year of publication 1992.
300 ## - PHYSICAL DESCRIPTION
Number of Pages 302 pages
650 #0 - SUBJECT ADDED ENTRY--TOPICAL TERM
Topical Term History.
942 ## - ADDED ENTRY ELEMENTS (KOHA)
Koha item type English Books
Holdings
Withdrawn status Lost status Damaged status Not for loan Home library Current library Shelving location Date acquired Full call number Accession Number Price effective from Koha item type
        Anna Centenary Library Anna Centenary Library 4TH FLOOR, A WING 07.04.2026 355.033047 LEE 231162 07.04.2026 English Books

Find us on the map